Retired Atlantic Hurricane Names of the 2010s - Statistics

General Stats
  • This quiz has been taken 78 times
    57 since last reset
  • The average score is 12 of 16
Answer Stats
Year Name % Correct
2019 Dorian
91%
2017 Harvey
89%
2017 Irma
89%
2017 Maria
89%
2018 Michael
89%
2012 Sandy
89%
2016 Matthew
87%
2011 Irene
83%
2018 Florence
76%
2017 Nate
72%
2015 Joaquin
70%
2010 Igor
67%
2016 Otto
65%
2015 Erika
63%
2013 Ingrid
63%
2010 Tomas
61%
No matching quizzes found
Score Distribution
Percent of People with Each Score
Percentile by Number Answered
Your Score History
You have not taken this quiz since the last reset